000 00701cam a22002411 4500
001 sa 67005684
003 DLC
005 20260227112359.0
008 891127s1962 ii ab b 000 0 hino
010 _asa 67005684
035 _a(OCoLC)20698750
040 _aDLC
_cNRU
_dDLC
042 _apremarc
050 0 0 _aPK1931
_b.V28
100 1 _aVarmā, Dhīrendra,
_d1897-1973.
245 1 0 _aHindībhāshā kā itihāsa.
_c[Lekhaka] Dhīrendra Varmā.
250 _a[7. saṃskaraṇa]
260 _aPrayāga,
_bHindustānī Ekeḍemī,
_c1962.
300 _a344 p.
_billus., fold. map.
_c22 cm.
500 _aIn Hindi.
504 _aBibliographical footnotes.
650 0 _aHindi language
_xHistory.
999 _c75368
_d75368